000 00647nas a2200229 4500
001 BR9602738
003 BR-BrBNA
005 20231205094740.0
007 ta
008 230509b bl.|||p| |||| 00| 00por d
040 _aBR-BrBNA
_bpor
_cBiblioteca Nacional de Agricultura
041 _a(Pt)
072 _aL72
100 1 _aKusch, K.
245 1 _aSarna sarcoptica produz coceira capaz de matar
650 _aCaprino
650 _aOvino
650 _aSarna Sarcoptica
773 0 _tAgricultura e Pecuaria (Brazil)
_xISSN 0100-249x
_g(Mar 1973), no. 578 p. 35
_wBR9602738
909 _a202311
_bLúcia
_c55
_dLúcia Elande
942 _2AGRIS
_n0
_cANA
999 _c146581
_d146581